Statistics for Mainland countries with less than one million people

Click here to take the quiz!

General Stats

  • This quiz has been taken 309 times
  • The average score is 10 of 13

Answer Stats

PopulationCountry% Correct
800Vatican City
98%
32000San Marino
94%
86000Andorra
92%
35000Monaco
91%
36000Liechtenstein
89%
516000Luxembourg
89%
738000Bhutan
75%
318000Belize
74%
906000Djibouti
67%
529000Suriname
67%
756000Guyana
66%
632000Montenegro
60%
720000Equatorial Guinea
51%

Score Distribution

Percentile by Number Answered

Percent of People with Each Score

Your Score History

You have not taken this quiz